Escuelas y justicia social
Gardado en:
| Autor Principal: | |
|---|---|
| Formato: | Libro |
| Idioma: | Lingua castelá |
| Publicado: |
Madrid
Morata
1997
|
| Edición: | 1a. ed |
| Subjects: | |
| Tags: |
Engadir etiqueta
Sen Etiquetas, Sexa o primeiro en etiquetar este rexistro!
|
MARC
| LEADER | 00000nam a2200000 a 4500 | ||
|---|---|---|---|
| 001 | UCL9929 | ||
| 003 | CL-VaPUC | ||
| 008 | 040903e19970000SP |||||||||||||||||spa|d | ||
| 020 | |a 8471124114 | ||
| 082 | 0 | 4 | |a 306.43 |b CON |2 21 |
| 100 | 0 | |a Connell, R. W |e author |9 487859 | |
| 245 | 1 | 0 | |a Escuelas y justicia social |
| 250 | |a 1a. ed | ||
| 300 | |a 182 p | ||
| 942 | |c BK | ||
| 945 | |d 20040903 00:00:00 |a cmena | ||
| 260 | |a Madrid |b Morata |c 1997 | ||
| 650 | 0 | |a Sociología de la educación |9 260380 | |
| 650 | 0 | |a Justicia social |9 314874 | |
| 650 | 0 | |a Problemas sociales |9 258537 | |
| 650 | 0 | |a Igualdad de oportunidades |9 331873 | |
| 650 | 0 | |a Rendimiento escolar |9 330254 | |
| 583 | |a last modification |c 20040903 00:00:00 |k Rodrigo Vera | ||
| 999 | |c 310544 |d 310542 | ||
| 952 | |0 0 |1 0 |4 0 |6 306_430000000000000_CON_1997 |7 0 |8 A |9 379129 |a BIBEDU |b BIBEDU |d 2019-11-21 |i 4050495 |o 306.43 CON 1997 |p 4050495 |r 2019-11-21 |w 2019-11-21 |y BK |k PSI | ||
| 952 | |0 0 |1 0 |4 0 |6 306_430000000000000_CON_1997 |7 0 |8 A |9 379130 |a BIBEDU |b BIBEDU |d 2019-11-21 |i 4065247 |l 5 |o 306.43 CON 1997 |p 4065247 |r 2022-09-09 |s 2022-08-11 |w 2019-11-21 |y BK |k PAR | ||